ბათუმის შოთა რუსთაველის სახელმწიფო უნივერსიტეტის ბიბლიოთეკა

ჩანაწერი Personal Name

ჩანაწერთა რაოდენობა, რომელიც გამოყენებულია: 1

001 - CONTROL NUMBER

  • control field: 7036

003 - CONTROL NUMBER IDENTIFIER

  • control field: GE_BSU

005 - DATE AND TIME OF LATEST TRANSACTION

  • control field: 20200213123707.0

008 - FIXED-LENGTH DATA ELEMENTS

  • fixed length control field: 200213|| aca||aabn | a|a d

040 ## - CATALOGING SOURCE

  • Original cataloging agency: GE_BSU
  • Transcribing agency: GE_BSU

100 ## - HEADING--PERSONAL NAME

  • Personal name: Ольхова,Л.Н.

670 ## - SOURCE DATA FOUND

  • Source citation: Work cat.: (GE_BSU)50473: Пухаева, Л.С. 7035, Русский язык в мире экономики /